01176nam a2200193Ia 4500001001100000003001000011008004100021040002500062041001300087100001900100245008700119250001100206260009100217300001200308500026000320501011400580520026000694650002800954L290-47837IT-CnALBA170116s9999||||xx |||||||||||||| ||und|| aIT-CnALBAcIT-CnALBA aITALIANO aADRIENNE CAROL 0aLO SCOPO DELLA TUA VITA. LE TAPPE FONDAMENTALI PER COMPRENDERE IL NOSTRO CAMMINO.  a1a ed. aMILANObCORBACCIO EDIZIONI SOC. ANONIMAc1998 [1° Ed.:1998 - Ed.Ling.Originale: 1998] a356 p.  aZEN PREFAZIONE DI REDFIELD J. TAPPE PER LA COMPRENSIONE DEL CAMMINO. INDIVIDUAZIONE LA SORGENTE DELLA NOSTRA ENERGIA, ALLINEAMENTO ALLE COSE NATURALI. SVILUPPO DELLE INTUIZIONI DELLA SINCRONICITA'. ARTISTI, MAESTRI, ZEN, ARCHITETTI. ESERCIZI PRATICI, CART aSocietà San Paolo EM - Piazza San Paolo, 14 - 12051 ALBA (CN) (non commercial uses only) ® Copyright 2017 aZEN PREFAZIONE DI REDFIELD J. TAPPE PER LA COMPRENSIONE DEL CAMMINO. INDIVIDUAZIONE LA SORGENTE DELLA NOSTRA ENERGIA, ALLINEAMENTO ALLE COSE NATURALI. SVILUPPO DELLE INTUIZIONI DELLA SINCRONICITA'. ARTISTI, MAESTRI, ZEN, ARCHITETTI. ESERCIZI PRATICI, CART aRELIGIONI NON CRISTIANE